| 000 | 02434nam0a2200457 4500 | ||
|---|---|---|---|
| 001 | RU\NLR\BIBL_A\012445787 | ||
| 005 | 20210528160506.0 | ||
| 010 |
_a978-5-907203-47-1 _9200 |
||
| 021 |
_aRU _bКН-П-20-060738 _9КН-П-20-4548 |
||
| 035 | _a(NLR Aleph) 012445787 | ||
| 035 | _a(RuMoRGB)010442054 | ||
| 090 |
_a11948534 _c11948534 |
||
| 100 | _a20210202d2020 u y0rusy50 ca | ||
| 101 | 1 |
_arus _ceng _deng |
|
| 102 | _aRU | ||
| 105 | _aa|||z|||001zy | ||
| 181 | 0 |
_ai _baxxe |
|
| 182 | 0 | _an | |
| 200 | 1 |
_aPython и наука о данных для чайников _e[изучите программирование на языке Python в целях анализа данных и статистики, пишите код в облаке, используя Google Colab, обменивайтесь данными и визуализируйте информацию] _fДжон Пол Мюллер и Лука Массарон _gперевод с английского и редакция В. А. Коваленко |
|
| 203 |
_aТекст _bвизуальный _cнепосредственный |
||
| 205 | _a2-е изд. | ||
| 210 |
_aМосква _aСанкт-Петербург _cДиалектика _d2020 |
||
| 215 |
_a506, [6] с. _cил., табл. _d24 |
||
| 225 | 1 | _aВедь это так просто! | |
| 225 | 1 | _aДля "чайников" | |
| 300 | _aЗагл. и авт. ориг.: Python for data science for dummies / by John Paul Mueller and Luca Massaron | ||
| 300 | _aРез. англ. | ||
| 313 | _a1 изд. нет. | ||
| 320 | _aПредм. указ.: с. 501-506 | ||
| 454 | 0 |
_12001#$aPython for data science for dummies$fby John Paul Mueller and Luca Massaron _1210## _1700#1$aMueller$bJ. P.$gJohn Paul _1701#1$aMassaron$bL.$gLuca _tPython for data science for dummies _aMueller, John Paul |
|
| 606 | 1 |
_aPYTHON, язык программирования _92208065 _3RU\NLR\AUTH\661326547 |
|
| 606 | 1 |
_aИнформация _xКомпьютерная обработка _92104509 _3RU\NLR\AUTH\661272414 |
|
| 686 | 1 | _aЗ973.23-018.1 | |
| 686 | 1 | _aЗ973.233 | |
| 700 | 1 |
_7ca _8rus _aМюллер _bД. П. _cпрограммист _f1958- _gДжон Пол _9124346 _3RU\NLR\AUTH\7714676 |
|
| 701 | 1 |
_aМассарон _bЛ. _gЛука |
|
| 942 | _cBOOK | ||
| 980 | _aNB | ||
| 980 | _aNBR | ||